| 000 | 00924nam a2200277 a 4500 | ||
|---|---|---|---|
| 001 | 000016051 | ||
| 003 | DO-SdBNP | ||
| 005 | 20220609083455.0 | ||
| 007 | ta | ||
| 008 | 100224s2018 dr 001 0 spa d | ||
| 020 | _a9789945606270 | ||
| 040 |
_aDO-SdBNP _bspa _cBNPHU |
||
| 082 | _bR426L, | ||
| 110 | 1 |
_aRepública Dominicana. _932241 |
|
| 240 | 1 | 0 | _a[Leyes, etc.] |
| 245 | 1 | 0 |
_aLey 249-17 que modifica la Ley 19-00 del mercado de valores de la República Dominicana (droga y sustituye según el art.358) : _b(también modifica la Lery 189-11 explícitamente 12 artículos e implícitamente más de 25, modifica 1 articulo de la Ley 183-02 y 2 artículos de la Ley 479-08) |
| 260 |
_aSanto Domingo : _bDalis, _c2018. |
||
| 300 |
_a207 p. ; _c22 cm. |
||
| 590 | _aInventariado, 2022 / DG | ||
| 650 | 4 | _930795 | |
| 650 | 4 | _930796 | |
| 651 | 4 | _916541 | |
| 651 | 4 | _930797 | |
| 910 | _aDG | ||
| 942 |
_2ddc _cLBS1 |
||
| 999 |
_c51976 _d51976 |
||